[Event "7th Altibox Norway Chess Blitz 2019"]
[Site "Stavanger"]
[Date "2019.06.03"]
[Round "3.4"]
[White "Aronian, Levon"]
[Black "Mamedyarov, Shakhriyar"]
[Result "1/2-1/2"]
[WhiteElo "2827"]
[BlackElo "2757"]
[Annotator "TA"]
[PlyCount "80"]
[EventDate "2019.06.03"]
[EventType "tourn"]
[EventCountry "NOR"]
[SourceTitle "playchess.com"]
[Source "ChessBase"]
[SourceQuality "1"]

{[%evp 19,80,30,26,25,23,18,29,23,29,22,43,49,50,30,46,46,43,17,70,45,47,24,73,44,43,35,47,53,75,78,56,59,91,82,95,12,10,10,14,0,0,0,0,0,0,0,0,0,0,0,0,0,0,0,0,0,0,0,0,0,0,0,0]} 1. e4 c6 2. d4 d5 3. exd5 cxd5 4. Bd3 Nc6 5. c3 Nf6 6. Bf4 Bg4 7. Qb3 Qd7 8. Nd2 e6 9. Ngf3 Bd6 10. Bxd6 Qxd6 11. O-O {B13: Caro-Kann: Exchange Variation and Panov-Botvinnik Attack} O-O 12. Rfe1 (12. Rae1 Rab8 13. Ne5 b5 14. Bxb5 a6 15. Bxc6 Rxb3 16. axb3 Bf5 17. b4 Ng4 18. Ba4 h5 {½-½ (37) Aronian,L (2767)-Mamedyarov,S (2801) Saint Louis 2018}) 12... Rab8 (12... Ne7 13. Ne5 Bf5 14. Bf1 Rab8 15. a4 Ne4 16. Nxe4 Bxe4 17. a5 f6 18. Nd3 Bxd3 19. Bxd3 {½-½ (45) Anand,V (2768)-Mamedyarov,S (2801) Saint Louis 2018}) 13. Ne5 {White has an edge.} Bh5 14. a4 Bg6 15. Bxg6 hxg6 16. Re3 (16. Qd1 {is more complex.} Qc7 17. Nd3 Rfe8 18. Qe2 a6 19. h4) 16... Nd7 17. Nxd7 Qxd7 18. Nf3 $146 ({Predecessor:} 18. Qb5 Rfc8 {0-1 (78) Bubalovic,D (2300)-Burovic,I (2385) Pula 1992}) 18... f6 (18... Na5 $11 19. Qc2 Nc4) 19. Rae1 $14 Rfe8 20. h4 Qf7 21. g3 Na5 22. Qc2 Nc4 23. R3e2 b5 24. axb5 Rxb5 25. b3 Nd6 26. c4 Rbb8 27. cxd5 (27. c5 $16 Ne4 28. Nd2) 27... exd5 $11 {The position is equal.} 28. Rxe8+ Rxe8 29. Rxe8+ Qxe8 30. Qc5 Qe4 31. Qxd6 Qxf3 {[%mdl 4096] Endgame KQ-KQ} 32. Qb8+ Kh7 33. Qxa7 Qxb3 34. Qc5 Qf3 35. Qc2 Qg4 36. Qd3 Kh6 37. Kg2 Kh7 38. f3 Qe6 39. g4 f5 40. g5 Qc8 {Accuracy: White = 57%, Black = 63%.} 1/2-1/2

[Event "7th Altibox Norway Chess Blitz 2019"]
[Site "Stavanger"]
[Date "2019.06.03"]
[Round "3.5"]
[White "Ding, Liren"]
[Black "So, Wesley"]
[Result "1-0"]
[WhiteElo "2773"]
[BlackElo "2759"]
[Annotator "RC"]
[PlyCount "127"]
[EventDate "2019.06.03"]
[EventType "tourn"]
[EventCountry "NOR"]
[SourceTitle "playchess.com"]
[Source "ChessBase"]
[SourceQuality "1"]
[TimeControl "180+2"]

1. c4 {[%emt 0:00:00]} e5 {[%emt 0:00:03]} 2. g3 {[%emt 0:00:03]} Nf6 {[%emt 0:00:02]} 3. Bg2 {[%emt 0:00:00]} d5 {[%emt 0:00:03]} 4. cxd5 {[%emt 0:00:02]} Nxd5 {[%emt 0:00:00]} 5. Nf3 {[%emt 0:00:01]} Nc6 {[%emt 0:00:11]} 6. O-O {[%emt 0:00:01]} Nb6 {[%emt 0:00:00]} 7. Nc3 {[%emt 0:00:01]} Be7 {[%emt 0:00:00]} 8. d3 {[%emt 0:00:02]} O-O {[%emt 0:00:04]} 9. Be3 {[%emt 0:00:01]} Re8 {[%emt 0:00:00]} 10. Rc1 {[%emt 0:00:01]} Bf8 {[%emt 0:00:00]} 11. Bg5 {[%emt 0:00:01]} f6 {[%emt 0:00:00]} 12. Be3 {[%emt 0:00:01]} Be6 {[%emt 0:00:07]} 13. Nd2 {[%emt 0:00:11]} Qd7 {[%emt 0:00:11]} 14. Nb3 {[%emt 0:00:02]} Nd5 {[%emt 0:00:14]} 15. Bc5 {[%emt 0:00:01]} Nxc3 {[%emt 0:00:21]} 16. Rxc3 {[%emt 0:00:19]} Bd6 {[%emt 0:00:06]} 17. Bxd6 {[%emt 0:00:17]} cxd6 {[%emt 0:00:05]} 18. d4 {[%emt 0:00:02]} Bh3 {[%emt 0:00:35]} 19. dxe5 {[%emt 0:00:15]} Bxg2 {[%emt 0:00:10]} 20. Kxg2 {[%emt 0:00:01]} Rxe5 {[%emt 0:00:01]} 21. e3 {[%emt 0:00:11]} d5 {[%emt 0:00:08]} 22. Nc5 {[%emt 0:00:15]} Qf7 {[%emt 0:00:04]} 23. Qb3 {[%emt 0:00:09]} Re7 {[%emt 0:00:13]} 24. Rd1 {[%emt 0:00:05]} Rd8 {[%emt 0:00:01]} 25. Rcd3 {[%emt 0:00:29]} b6 {[%emt 0:00:06]} 26. Na4 {[%emt 0:00:01]} d4 {[%emt 0:00:09]} 27. Qxf7+ {[%emt 0:00:27]} Kxf7 {[%emt 0:00:02]} 28. exd4 {[%emt 0:00:01]} Red7 {[%emt 0:00:04]} 29. Nc3 {[%emt 0:00:03]} Rxd4 {[%emt 0:00:03]} 30. Rxd4 {[%emt 0:00:11]} Rxd4 {[%emt 0:00:03]} 31. Kf3 {[%emt 0:00:00]} Rxd1 {[%emt 0:00:07]} 32. Nxd1 {[%emt 0:00:00]} Ke6 {[%emt 0:00:10]} 33. Nc3 {[%emt 0:00:00]} Ne5+ {[%emt 0:00:00]} 34. Ke2 {[%emt 0:00:10]} h5 {[%emt 0:00:00]} 35. f4 {[%emt 0:00:03]} Nc6 {[%emt 0:00:05]} 36. Ke3 {[%emt 0:00:06]} g5 {[%emt 0:00:08]} 37. fxg5 {[%emt 0:00:02]} fxg5 {[%emt 0:00:03]} 38. Ke4 {[%emt 0:00:03]} Ne5 {[%emt 0:00:14]} 39. Nb5 {[%emt 0:00:02]} Ng4 {[%emt 0:00:05]} 40. h4 {[%emt 0:00:04]} Nf6+ {[%emt 0:00:03]} 41. Kf3 {[%emt 0:00:08]} gxh4 {[%emt 0:00:02]} 42. gxh4 {[%emt 0:00:01]} a5 {[%emt 0:00:07]} 43. Kf4 {[%emt 0:00:01]} Nd5+ {[%emt 0:00:10]} 44. Kg5 {[%emt 0:00:01]} Nb4 {[%emt 0:00:01]} 45. Kxh5 {[%emt 0:00:07]} Kf6 {[%emt 0:00:01]} 46. a3 {[%emt 0:00:10]} Nd3 {[%emt 0:00:02]} 47. b3 {[%emt 0:00:01]} Nc5 {[%emt 0:00:01]} 48. Nc3 {[%emt 0:00:10]} Nxb3 {[%emt 0:00:06]} 49. Nd5+ {[%emt 0:00:01]} Kf5 50. Nxb6 {[%emt 0:00:00]} Nd2 {[%emt 0:00:05]} 51. Kh6 {[%emt 0:00:04]} Kf6 {[%emt 0:00:01]} 52. h5 {[%emt 0:00:10]} Nb1 {[%emt 0:00:01]} 53. a4 {[%emt 0:00:00]} Nc3 {[%emt 0:00:01]} 54. Kh7 {[%emt 0:00:00]} Ne4 {[%emt 0:00:05]} 55. Nc4 {[%emt 0:00:00]} Kg5 {[%emt 0:00:03]} 56. h6 {[%emt 0:00:03]} Nf6+ {[%emt 0:00:00]} 57. Kg7 {[%emt 0:00:01]} Nh5+ {[%emt 0:00:01]} 58. Kf7 {[%emt 0:00:01]} Kxh6 {[%emt 0:00:01]} 59. Nxa5 {[%emt 0:00:01]} Kg5 {[%emt 0:00:01]} 60. Nc6 {[%emt 0:00:03]} Kf5 {[%emt 0:00:02]} 61. a5 {[%emt 0:00:01]} Nf4 {[%emt 0:00:02]} 62. a6 {[%emt 0:00:02]} Ne6 {[%emt 0:00:06]} 63. Nd4+ {[%emt 0:00:03]} Nxd4 {[%emt 0:00:01]} 64. a7 {[%emt 0:00:01]} 1-0

[Event "7th Altibox Norway Chess Blitz 2019"]
[Site "Stavanger"]
[Date "2019.06.03"]
[Round "4.2"]
[White "Grischuk, Alexander"]
[Black "Aronian, Levon"]
[Result "0-1"]
[WhiteElo "2750"]
[BlackElo "2827"]
[Annotator "TA"]
[PlyCount "140"]
[EventDate "2019.06.03"]
[EventType "tourn"]
[EventCountry "NOR"]
[SourceTitle "playchess.com"]
[Source "ChessBase"]
[SourceQuality "1"]

{[%evp 11,140,14,13,14,37,16,19,9,39,0,37,0,0,0,0,0,0,0,0,0,-3,-3,8,9,9,6,8,11,7,10,10,7,12,12,12,12,29,4,12,11,36,17,26,0,5,0,0,0,15,8,9,0,33,0,0,0,0,0,0,0,0,0,0,0,87,77,70,40,72,93,81,0,104,94,89,48,97,50,93,57,35,31,81,-85,29,21,117,76,123,36,35,-8,123,120,118,132,125,102,124,116,236,254,254,247,485,474,541,512,501,388,700,662,739,727,758,753,671,-830,-878,-838,-481,-865,-792,-872,-868,-838,-806,-755,-796,-740,-558]} 1. e4 e5 2. Nf3 Nc6 3. Bc4 Bc5 4. c3 Nf6 5. d3 a6 6. O-O d6 7. a4 {C54: Giuoco Piano: 4 c3 Nf6, main lines with 5 d4 and 5 d3} Ba7 8. Re1 O-O 9. h3 {The position is equal.} Kh8 10. b4 Ng8 11. Ng5 $146 ({Predecessor:} 11. Bg5 Qe8 12. Nbd2 f5 13. exf5 Bxf5 14. Be3 Bxe3 {½-½ (14) Karjakin,S (2753)-Sargissian,G (2689) St Petersburg 2018}) 11... Qf6 12. Qf3 Qxf3 13. Nxf3 f5 14. Be3 fxe4 15. dxe4 Bxe3 16. Rxe3 Nf6 17. a5 h6 18. Nbd2 g5 19. Ne1 Bd7 20. Nc2 Nd8 (20... Kg7 {is more complex.} 21. Ree1 Ne7 22. Ne3 Rab8 23. Rab1 Nh5) 21. Ree1 Ne6 22. Bxe6 Bxe6 23. Ne3 Nh5 24. c4 Nf4 25. Ra3 c6 26. f3 Rad8 27. Kh2 h5 28. Rc3 Kg7 29. Ndf1 Kg6 30. Ng3 h4 {Threatens to win with ...d5.} 31. Ne2 Rf7 32. Kg1 Rfd7 33. Kf2 Kf7 34. Rd1 Ke7 35. Rd2 Rf8 36. Rc1 Rfd8 37. Rcd1 Kf6 (37... d5 $11) 38. Nc3 $16 Ke7 39. Na4 Rf8 40. Nb6 Rdd8 41. Ke1 (41. Rb1 $16) 41... Ng6 (41... Nxh3 $1 $11 {remains equal.} 42. gxh3 Rxf3 {[%mdl 64] Double Attack}) 42. Rc1 Nf4 {Threatening ...Nxh3!} 43. Rc3 Rf6 44. Kd1 Rff8 45. Kc2 Kf6 46. Kb2 Ke7 47. Rc1 $2 {[#]} (47. b5 $1 $16 {and life is bright.}) 47... Rf6 ({Better is} 47... Nxh3 $1 $17 {[%mdl 512]} 48. gxh3 Rxf3 {[%mdl 64] Double Attack} 49. Nf5+ Bxf5 50. exf5 Rxh3) 48. Rcd1 $11 Rff8 (48... Nxg2 $1 $11 49. Rxg2 Rxf3) 49. Kc3 Ng6 50. Kb3 ({White should play} 50. b5 $16) 50... Nf4 $14 51. Ka4 {[#]} Ng6 {[#]} (51... Nxh3 $1 $11 {[%mdl 512] keeps the balance.} 52. gxh3 Rxf3 53. Nf5+ Bxf5 54. exf5 Kf6) 52. b5 $1 $16 Nf4 53. bxa6 bxa6 54. Kb4 c5+ 55. Kc3 Rf6 (55... Rb8 $16) 56. Rb1 $18 Ke8 57. Nbd5 Bxd5 $2 (57... Rf7 58. Rb6 Bc8) 58. cxd5 ({Weaker is} 58. Nxd5 Nxd5+ 59. cxd5 (59. Rxd5 Ke7 $16) (59. exd5 Rf4 $16) 59... Rf7 $18) 58... Kd7 59. Rb7+ Ke8 60. Ra7 Rf7 $2 (60... Rb8 61. Nc4 Rb4 62. Rxa6 Ke7) 61. Rxa6 Rb7 62. Rb6 Rxb6 63. axb6 {[%mdl 4096] Endgame KRN-KRN} Ra8 64. Ra2 $4 {[%mdl 8192]} (64. Nc4 $18) 64... Rxa2 $19 {Black is clearly winning.} 65. b7 Ne2+ 66. Kb3 Nc1+ 67. Kc3 Ra3+ 68. Kc2 Rb3 69. Nc4 Kd7 70. Kxc1 Rxb7 {Accuracy: White = 44%, Black = 34%.} 0-1

[Event "7th Altibox Norway Chess Blitz 2019"]
[Site "Stavanger"]
[Date "2019.06.03"]
[Round "4.3"]
[White "So, Wesley"]
[Black "Yu, Yangyi"]
[Result "1/2-1/2"]
[WhiteElo "2759"]
[BlackElo "2705"]
[Annotator "TA"]
[PlyCount "81"]
[EventDate "2019.06.03"]
[EventType "tourn"]
[EventCountry "NOR"]
[SourceTitle "playchess.com"]
[Source "ChessBase"]
[SourceQuality "1"]

{[%evp 14,81,22,0,31,22,29,23,55,52,56,63,50,55,60,50,48,23,54,47,47,37,62,45,48,9,8,0,0,0,8,0,22,-8,0,0,0,0,0,0,0,-7,-3,-33,-31,-31,-33,-33,-31,-25,-12,-44,-26,-62,-18,-64,-62,-79,-32,-30,-30,-30,0,-30,0,-32,0,-41,0,-44]} 1. c4 e5 2. g3 Nc6 3. Nc3 g6 4. Bg2 Bg7 5. d3 Nge7 6. e3 O-O 7. Nge2 d6 8. O-O h6 {A25: English Opening vs King's Indian with ...Nc6 but without early d3} (8... Be6 9. Nd5 Qd7 10. Nec3 Rae8 11. b4 e4 12. dxe4 Bxd5 13. exd5 Nxb4 14. Bd2 Nd3 15. Rb1 Nc5 16. Ne2 Nf5 17. Qc2 h5 {½-½ (54) Carlsen,M (2837)-Ding,L (2774) Saint Louis 2017}) 9. b3 $146 ({Predecessor:} 9. h3 Kh7 10. Rb1 a5 11. a3 {½-½ (11) Stevic,H (2623)-Jovanovic,Z (2553) Sibenik 2011}) 9... Be6 10. Nd5 Qd7 {White has an edge.} 11. Bb2 Rae8 12. d4 Bg4 13. f3 Be6 14. Nxe7+ Nxe7 15. dxe5 dxe5 16. Qxd7 Bxd7 17. Rad1 Bc6 18. Nc3 Nf5 {[%cal Be7f5,Bf5h6,Bh6g4,Bg4h2,Bh2f3][%mdl 32]} 19. Rfe1 e4 $1 {[%cal Re4f3]} 20. f4 Rd8 21. Kf2 h5 22. Ba1 Nh6 23. Ke2 f5 24. Bf1 Ng4 25. h3 {[#] And now Rxd8 would win.} Nh2 26. Bg2 Nf3 27. Rf1 Kf7 $36 {[%mdl 2048] Black has some pressure.} 28. Bb2 Rfe8 (28... h4 {is more complex.} 29. g4 fxg4 30. hxg4 Nh2 31. Rg1 g5) 29. Rxd8 Rxd8 {[%csl Gf3][%cal Rd8d2] [#]} 30. Rd1 Rxd1 31. Nxd1 Bf8 32. Bc3 b6 33. Nb2 a5 34. Na4 Be7 35. Bb2 Ke6 36. Nc3 Bf6 37. Nd1 Be7 38. Nc3 $1 Bf6 39. Nd1 Be7 40. Nc3 $1 Bf6 41. Nd1 {Accuracy: White = 64%, Black = 41%.} 1/2-1/2

[Event "7th Altibox Norway Chess Blitz 2019"]
[Site "Stavanger"]
[Date "2019.06.03"]
[Round "4.5"]
[White "Mamedyarov, Shakhriyar"]
[Black "Ding, Liren"]
[Result "0-1"]
[WhiteElo "2757"]
[BlackElo "2773"]
[Annotator "RC"]
[PlyCount "72"]
[EventDate "2019.06.03"]
[EventType "tourn"]
[EventCountry "NOR"]
[SourceTitle "playchess.com"]
[Source "ChessBase"]
[SourceQuality "1"]
[TimeControl "180+2"]

1. d4 {[%emt 0:00:00]} Nf6 {[%emt 0:00:00]} 2. c4 {[%emt 0:00:00]} e6 {[%emt 0:00:00]} 3. Nc3 {[%emt 0:00:00]} Bb4 {[%emt 0:00:01]} 4. f3 {[%emt 0:00:01]} c5 {[%emt 0:00:25]} 5. d5 {[%emt 0:00:10]} O-O {[%emt 0:00:06]} 6. e4 {[%emt 0:00:00]} b5 {[%emt 0:00:02]} 7. e5 {[%emt 0:00:00]} Ne8 {[%emt 0:00:01]} 8. f4 {[%emt 0:00:05]} exd5 {[%emt 0:00:22]} 9. cxd5 {[%emt 0:00:01]} d6 {[%emt 0:00:01]} 10. Nf3 {[%emt 0:00:11]} a6 {[%emt 0:01:13]} 11. Bd3 {[%emt 0:00:55]} c4 {[%emt 0:00:10]} 12. Bxh7+ {[%emt 0:00:05]} Kxh7 {[%emt 0:00:06]} 13. Ng5+ {[%emt 0:00:01]} Kg8 {[%emt 0:00:01]} 14. Qh5 {[%emt 0:00:33]} Bf5 {[%emt 0:00:01]} 15. g4 {[%emt 0:00:01]} Bg6 {[%emt 0:00:08]} 16. Qh3 {[%emt 0:00:01]} f5 {[%emt 0:00:14]} 17. Ne6 {[%emt 0:00:18]} Qe7 {[%emt 0:00:04]} 18. Nxf8 {[%emt 0:00:35]} Qxf8 {[%emt 0:00:01]} 19. Bd2 {[%emt 0:00:01]} Nd7 {[%emt 0:00:04]} 20. e6 {[%emt 0:00:06]} Nc5 {[%emt 0:00:01]} 21. O-O {[%emt 0:00:17]} Nc7 {[%emt 0:00:09]} 22. Rae1 {[%emt 0:00:07]} Nd3 {[%emt 0:00:05]} 23. Re2 {[%emt 0:00:12]} Bc5+ {[%emt 0:00:01]} 24. Kh1 {[%emt 0:00:00]} b4 {[%emt 0:00:01]} 25. Na4 {[%emt 0:00:02]} Nxd5 {[%emt 0:00:01]} 26. b3 {[%emt 0:00:03]} fxg4 {[%emt 0:00:06]} 27. Qxg4 {[%emt 0:00:01]} Bf5 {[%emt 0:00:21]} 28. Qf3 {[%emt 0:00:01]} Nc7 {[%emt 0:00:03]} 29. bxc4 {[%emt 0:00:02]} Re8 {[%emt 0:00:01]} 30. Qc6 {[%emt 0:00:04]} Rxe6 {[%emt 0:00:03]} 31. Rxe6 Nxe6 {[%emt 0:00:01]} 32. Qd5 {[%emt 0:00:07]} Qf7 {[%emt 0:00:03]} 33. Rf3 {[%emt 0:00:01]} Qg6 {[%emt 0:00:02]} 34. Nxc5 {[%emt 0:00:02]} dxc5 {[%emt 0:00:02]} 35. Qa8+ {[%emt 0:00:02]} Kh7 36. Re3 {[%emt 0:00:02]} Nexf4 0-1

[Event "7th Altibox Norway Chess Blitz 2019"]
[Site "Stavanger"]
[Date "2019.06.03"]
[Round "5.3"]
[White "Ding, Liren"]
[Black "Grischuk, Alexander"]
[Result "1/2-1/2"]
[WhiteElo "2773"]
[BlackElo "2750"]
[Annotator "TA"]
[PlyCount "100"]
[EventDate "2019.06.03"]
[EventType "tourn"]
[EventCountry "NOR"]
[SourceTitle "playchess.com"]
[Source "ChessBase"]
[SourceQuality "1"]

{[%evp 12,100,25,35,35,42,24,0,0,0,0,0,0,-2,46,-21,25,25,29,16,39,26,80,3,4,14,3,5,21,6,14,0,21,0,38,0,0,0,0,-8,147,64,99,17,16,19,50,47,28,41,48,29,57,56,55,55,61,0,44,0,16,0,0,-4,-4,0,-10,-7,0,-206,-209,-214,-6,-8,-7,-8,-4,-15,-15,-15,-4,-15,-15,-15,-16,-17,0,-15,0,-18,0]} 1. d4 Nf6 2. c4 g6 3. f3 Bg7 4. e4 d6 5. Nc3 O-O 6. Nge2 a6 7. Be3 Nbd7 {E81: King's Indian: Sämisch: 6th move deviations (including 6 Be3 c6)} (7... b5 8. cxb5 axb5 9. Nxb5 Nbd7 10. Nbc3 c6 11. Nc1 e5 12. Be2 Nh5 13. O-O exd4 14. Bxd4 Nf4 15. Bxg7 {1-0 (31) Korobov,A (2698)-Grischuk,A (2771) St Petersburg 2018}) 8. Qd2 b5 9. cxb5 axb5 10. Nxb5 c6 11. Nbc3 e5 12. Rd1 Re8 $146 ({Predecessor:} 12... d5 13. exd5 Nxd5 14. Nxd5 cxd5 15. Nc3 {½-½ (68) Walczak,P (2489)-Sandstroem,L (2436) ICCF email 2016}) 13. Ng3 (13. d5 $14) 13... d5 14. Be2 h5 15. O-O h4 {aiming for ...exd4.} 16. Nh1 dxe4 (16... h3 $11 {remains equal.}) 17. Nf2 (17. Nxe4 Nd5 $11) (17. fxe4 $16 {With the idea dxe5.} Qa5 18. Nf2) 17... exd4 18. Bxd4 {[%cal Rf2e4]} exf3 19. Bxf3 Ba6 20. Rfe1 Qc7 21. Qg5 Rxe1+ 22. Rxe1 Rb8 23. Qxh4 c5 $1 {[%cal Rc5d4]} 24. Bxf6 Nxf6 25. b3 Bc8 $2 {[#]} (25... c4 $11 26. Nd5 Nxd5 27. Bxd5 cxb3 28. Bxb3 (28. axb3 Qa5 $11) 28... Bb5) 26. Nfe4 (26. Nd5 $1 $16 Nxd5 27. Re8+ (27. Bxd5 Kf8 $16) 27... Bf8 28. Bxd5) 26... Nxe4 $14 27. Nd5 ({But not} 27. Rxe4 Be6 $15) (27. Nxe4 $16 {White threatens Nf6+ and mate.} Bf5 28. Kh1) 27... Qd6 $11 28. Qxe4 {Threatening Qe8+.} Be6 29. Qf4 Qxf4 30. Nxf4 Bf5 31. Bd5 Kf8 32. Bc4 Rd8 33. Nd5 Be6 34. Nb6 (34. Ne3 $1 $14) 34... Bf5 35. a4 Rd2 36. a5 Bd4+ 37. Kh1 Be4 {[%csl Gd2][%cal Re4g2]} 38. Bf1 Bc6 39. a6 Ra2 40. Nc8 $2 {[#]} (40. Rd1 $11 {and White stays safe.}) 40... c4 $1 $19 {[%cal Rc4b3][%mdl 512]} 41. bxc4 {[#]} Rxa6 $2 (41... Bc5 $1 $19 {Threatens to win with ...Ra5.} 42. a7 Bb7) 42. Ne7 $132 {[%mdl 2048] Hoping for c5!The position is equal. White is fighting back} Bd7 43. Nd5 Ra2 44. Nb4 Rd2 {White must now prevent ...Bc3.} 45. Nd5 Be6 46. Rb1 Kg7 47. h3 Bf5 48. Re1 Be6 49. Rb1 Bf5 50. Re1 Be6 {Accuracy: White = 43%, Black = 50%.} 1/2-1/2

[Event "7th Altibox Norway Chess Blitz 2019"]
[Site "Stavanger"]
[Date "2019.06.03"]
[Round "5.4"]
[White "Aronian, Levon"]
[Black "Caruana, Fabiano"]
[Result "1/2-1/2"]
[WhiteElo "2827"]
[BlackElo "2804"]
[Annotator "TA"]
[PlyCount "78"]
[EventDate "2019.06.03"]
[EventType "tourn"]
[EventCountry "NOR"]
[SourceTitle "playchess.com"]
[Source "ChessBase"]
[SourceQuality "1"]

{[%evp 14,78,53,46,46,51,57,18,15,17,33,-8,19,19,19,19,19,15,10,10,24,18,14,0,0,-20,-18,-45,-38,-44,-33,-37,-13,-25,0,0,0,-25,-25,-25,-13,-16,-14,-23,-16,-21,-9,-9,0,0,0,0,0,0,0,0,0,0,0,0,0,0,0,0,0,0,0]} 1. e4 e6 2. d4 d5 3. Nc3 Bb4 4. e5 Qd7 5. a3 Bxc3+ 6. bxc3 b6 7. Qg4 f5 8. Qg3 Nc6 {C16: French: 3 Nc3 Bb4 4 e5: Lines without ...c5} 9. Nh3 (9. Bd3 Bb7 10. Ne2 O-O-O 11. a4 Na5 12. Ba3 Nc4 13. Bxc4 dxc4 14. a5 Nh6 15. Nf4 Rhg8 16. h4 {0-1 (35) Grischuk,A (2782)-Caruana,F (2799) Saint Louis 2017}) 9... Bb7 10. Qh4 $146 ({Predecessor:} 10. Nf4 O-O-O 11. a4 Qf7 12. a5 Nxa5 13. Rxa5 bxa5 14. Nd3 Kb8 15. Nc5 c6 16. Be2 {1-0 (32) Tabatabaei,M (2612)-Malakhatko,V (2508) Karlsruhe 2019}) 10... Nge7 11. Qh5+ Ng6 12. Nf4 Qf7 (12... Nce7 {feels hotter.} 13. Bd3 c5 14. Nxg6 Nxg6 15. a4 O-O) 13. Nxg6 Qxg6 14. Qxg6+ hxg6 15. h4 Na5 16. Bg5 Bc6 17. g4 Ba4 18. Kd2 (18. Bd3 {is interesting.} Kf7 19. O-O-O Bd7 20. Rdg1 Rac8 21. Kb2) 18... Nc4+ 19. Bxc4 (19. Kc1 {is more complex.} O-O 20. Rg1 Kf7 21. Bd3 Rh8 22. Kb1) 19... dxc4 20. Rag1 Bc6 21. Rh3 Kf7 22. f3 b5 23. Rhg3 Raf8 24. gxf5 gxf5 25. Ke3 Rh7 26. R3g2 Rb8 27. Rb1 Rb6 28. Kf4 Ra6 29. Ra1 {The position is equal.} Ra4 30. Kg3 a5 31. Bd2 Bd5 32. Rgg1 Rh8 33. Be3 Ra8 34. Bd2 Rc8 35. Be3 Ra8 36. Bd2 $1 c6 37. Kf4 Rh8 38. Kg3 Ra8 39. Kf4 Rh8 {Accuracy: White = 61%, Black = 52%.} 1/2-1/2

[Event "7th Altibox Norway Chess Blitz 2019"]
[Site "Stavanger"]
[Date "2019.06.03"]
[Round "5.5"]
[White "Yu, Yangyi"]
[Black "Mamedyarov, Shakhriyar"]
[Result "0-1"]
[WhiteElo "2705"]
[BlackElo "2757"]
[Annotator "TA"]
[PlyCount "72"]
[EventDate "2019.06.03"]
[EventType "tourn"]
[EventCountry "NOR"]
[SourceTitle "playchess.com"]
[Source "ChessBase"]
[SourceQuality "1"]

{[%evp 9,108,20,29,29,20,27,16,20,27,21,11,19,13,25,13,20,83,0,52,49,58,-122,-154,-155,-134,-259,-261,-307,-307,-307,-284,-300,-301,-300,-293,-287,-308,-291,-305,-285,-289,-316,-316,-306,-296,-304,-307,-295,-287,-284,-245,-250,-220,-301,-279,-317,-192,-322,-308,-360,-322,-462,-437,-412,-265,-349,0,-351,-245,-404,-40,-40,-40,-40,-40,-40,-40,-5073,-2255,-1841,-1555,-29969,-29970,-29976,-29977,-29977,-29978,-29978,-29979,-29980,-29981,-29984,-29985,-29985,-29984,-29984,-29984,-29984,-29985,-29985,-29986]} 1. e4 c6 2. d4 d5 3. e5 c5 4. dxc5 e6 5. Nf3 Bxc5 6. Bd3 {B12: Caro-Kann: Advance Variation} Ne7 (6... Nc6 7. a3 Nge7 8. b4 Bb6 9. O-O Ng6 10. Bb2 O-O 11. Re1 f6 12. exf6 gxf6 13. c4 dxc4 14. Bxc4 Qxd1 15. Rxd1 {½-½ (39) Karjakin,S (2753)-Adhiban,B (2683) Astana 2019}) 7. O-O Nbc6 8. Nbd2 {The position is equal.} Ng6 9. Nb3 Bb6 10. Re1 O-O 11. c3 f6 $146 ({Predecessor:} 11... Bd7 12. Be3 Bxe3 13. Rxe3 {½-½ (21) Omidi,A (2385)-Ghaem Maghami,E (2561) Hamedan 2017}) 12. exf6 Qxf6 (12... gxf6 $11 {remains equal.} 13. Qc2 Nce7) 13. Be3 (13. Bg5 $16 Qf7 14. Be3) 13... Bxe3 (13... Nf4 $11) 14. Rxe3 $14 Nf4 {With the idea ...e5.} 15. Nbd4 $2 (15. Bf1 $1 $14 {was the only good move.}) 15... e5 $1 $17 {[%cal Re5d4]} 16. Nxc6 bxc6 $40 {[%mdl 128] Black wants a kill.} 17. Nxe5 {[#]} (17. Rxe5 $17 Rb8 18. Re3) 17... Nxg2 $1 $19 {[%mdl 576] Decoy} 18. Kxg2 {Threatens to win with Qf3.} Qxf2+ {[%mdl 64] Double Attack} 19. Kh1 {And now Rg3 would win.} Qxe3 20. Qh5 {[%csl Gd3][%cal Rh5h7] [#]} Qh6 $1 {[%cal Rh6h5]} 21. Qxh6 gxh6 22. Rg1+ Kh8 23. Nxc6 Bh3 24. Rg3 Bd7 25. Nd4 Rf2 26. Rg2 Raf8 27. Kg1 Rxg2+ 28. Kxg2 {[%mdl 4096] Endgame KRB-KBN} Kg7 29. Kg3 Rf6 30. h4 Be8 31. Bf5 Bg6 32. Bg4 Be4 33. Ne6+ (33. Be2 {was called for.}) 33... Kf7 34. Nc5 Ke7 35. c4 (35. Be2 {was necessary.}) 35... Kd6 36. b4 Bf5 {Played: Rf6-g6} 0-1

[Event "7th Altibox Norway Chess Blitz 2019"]
[Site "Stavanger"]
[Date "2019.06.03"]
[Round "6.2"]
[White "Caruana, Fabiano"]
[Black "Ding, Liren"]
[Result "1/2-1/2"]
[WhiteElo "2804"]
[BlackElo "2773"]
[Annotator "TA"]
[PlyCount "74"]
[EventDate "2019.06.03"]
[EventType "tourn"]
[EventCountry "NOR"]
[SourceTitle "playchess.com"]
[Source "ChessBase"]
[SourceQuality "1"]

{[%evp 13,74,0,5,1,12,3,20,10,51,0,0,0,0,-11,0,6,0,0,0,0,17,17,18,20,23,21,26,17,42,48,62,27,25,25,25,25,25,25,25,25,25,25,31,0,0,0,31,31,31,31,41,31,31,31,31,6,6,6,8,0,0,0,0]} 1. e4 e5 2. Nf3 Nc6 3. Bb5 a6 4. Ba4 Nf6 5. d3 b5 6. Bb3 Bc5 7. c3 d6 8. Nbd2 {[%cal Bb1d2,Bd2f1,Bf1g3][%mdl 32] C77: Ruy Lopez: 3...a6 4 Ba4 Nf6, unusual lines} (8. Bg5 h6 9. Bh4 O-O 10. Nbd2 Be6 11. O-O Bb6 12. Re1 Bxb3 13. Nxb3 Nb8 14. d4 Nbd7 15. a4 Re8 {½-½ (67) Carlsen,M (2842)-Mamedyarov,S (2801) Biel 2018}) 8... O-O 9. Nf1 Re8 10. Ng3 Be6 $146 ({Predecessor:} 10... Ne7 11. O-O Bb7 12. Bc2 Ng6 13. Re1 Ng4 14. Rf1 Bc8 15. h3 Nf6 {0-1 (38) Djordjevic,M-Rakocevic,M Belgrade 2005}) 11. Bc2 (11. O-O $14) 11... d5 $11 12. exd5 Bxd5 13. O-O e4 14. dxe4 Nxe4 15. Bf4 Bb6 16. a4 Nxg3 17. hxg3 {[#] aiming for axb5.} Bc4 18. Re1 {next Be4 is good for White.} Qxd1 19. Raxd1 {White wants to play Be4.} Rxe1+ 20. Rxe1 {Strongly threatening Be4.} Rd8 21. b4 {Threatens to win with a5.} a5 22. Be4 (22. Nd2 {is more complex.} f6 23. Nxc4 bxc4 24. Re4 Ne5 25. Kf1) 22... Ne7 23. bxa5 Bxa5 24. axb5 Bxb5 25. Bxh7+ Kxh7 26. Rxe7 {Re5 is the strong threat.} f6 27. Nd4 Rd7 28. Re3 Bc4 {And now ...g5 would win.} 29. g4 Bxc3 {[%mdl 64] [#] Remove Defender} 30. Rxc3 Rxd4 {[%mdl 4096] Endgame KRB-KRB} 31. Be3 Rd1+ 32. Kh2 Be6 33. Kg3 Rd7 34. Rc5 Bd5 {The position is equal.} 35. g5 c6 36. f3 Kg6 37. gxf6 gxf6 {Accuracy: White = 69%, Black = 63%.} 1/2-1/2